| 000 | 01118cam a22003497a 4500 | ||
|---|---|---|---|
| 001 | 15990713 | ||
| 005 | 20141204101714.0 | ||
| 008 | 091119t2010 xxua frb 001 0 eng d | ||
| 010 | _a2009289848 | ||
| 016 | 7 |
_a015291335 _2Uk |
|
| 020 | _a9780321637512 (pbk.) | ||
| 020 | _a0321637518 (pbk.) | ||
| 040 |
_aUKM _cUKM _dYDXCP _dORX _dC#P _dBWX _dDLC _dEG-ScBUE |
||
| 082 | 0 | 0 |
_a006.6 _222 _bBAR |
| 100 | 1 |
_aBaron, Cynthia _936795 |
|
| 245 | 1 | 0 |
_aDesigning a digital portfolio / _cCynthia L. Baron. |
| 250 | _a2nd ed. | ||
| 260 |
_aBerkeley, United States : _bNew Riders, _cc.2010. |
||
| 300 |
_axix, 339 p. : _bill. (col.) ; _c26 cm. |
||
| 490 | 0 | _aVoices that matter | |
| 500 | _aPrevious ed. : 2004. | ||
| 500 | _aIncludes appendixes. | ||
| 500 | _aIndex : p. 328-339. | ||
| 504 | _aIncludes bibliographical references. | ||
| 650 | 0 |
_aArt portfolios _xDesign _936796 |
|
| 650 | 0 |
_aGraphic arts _xMarketing _936797 |
|
| 650 | 0 |
_aDesign services _xMarketing _936798 |
|
| 650 | 0 |
_aComputer graphics _93615 |
|
| 653 |
_bBUSADM _bCOMSCI _cDecember2014 |
||
| 655 |
_vreading book _934232 |
||
| 942 |
_2ddc _k006.6 BAR |
||
| 999 |
_c18719 _d18691 |
||